header

Engaging teachers in classroom walkthroughs (Record no. 150625)

MARC details
000 -LEADER
fixed length control field 01331nam a2200337Ia 4500
100 1# - MAIN ENTRY--AUTHOR NAME
Personal name Kachur, Donald S.
245 10 - TITLE STATEMENT
Title Engaging teachers in classroom walkthroughs
260 ## - PUBLICATION, DISTRIBUTION, ETC. (IMPRINT)
Place of publication Alexandria, Va. :
Name of publisher ASCD,
Year of publication [2013]
300 ## - PHYSICAL DESCRIPTION
Number of Pages xvii, 170 p. :
Other physical details ill.
650 #0 - SUBJECT ADDED ENTRY--TOPICAL TERM
Topical Term Observation (Educational method)
Topical Term School improvement programs.
700 1# - ADDED ENTRY--PERSONAL NAME
Personal name Stout, Judith A.
Personal name Edwards, Claudia L.
856 40 - ELECTRONIC LOCATION AND ACCESS
Uniform Resource Identifier http://site.ebrary.com/lib/rucke/Doc?id=10739166

No items available.

© 2026 Rongo University
Contact us: librarian | system librarian | Rongo university